[Event "SN-2012-0-00433"]
[Site "LSS email"]
[Date "2012.05.09"]
[Round "?"]
[White "Feng, Jason"]
[Black "Sebok, Janos"]
[Result "1-0"]
[WhiteElo "955"]
[BlackElo "599"]
[PlyCount "41"]
[EventDate "2012.04.12"]
[EventType "tourn (corr)"]
[EventRounds "6"]
[EventCountry "GER"]
[SourceTitle "Telechess CBM 153"]
[Source "ChessBase"]
[SourceDate "2013.03.14"]
[SourceVersion "1"]
[SourceVersionDate "2013.03.14"]
[SourceQuality "1"]

1. e4 c5 2. Nf3 Nc6 3. Bb5 Nd4 4. Nxd4 cxd4 5. c3 a6 6. Bd3 e5 7. 0-0 Nf6 8. cxd4 exd4 9. Bc2 b5 10. d3 h6 11. a4 Bb7 12. axb5 axb5 13. Rxa8 Qxa8 14. Nd2 Bd6 15. Nb3 Qa7 16. Bd2 0-0 17. Qa1 Qb6 18. Qa5 Qc6 19. Nxd4 Qc5 20. Qc3 Qe5 21. f4 1-0

[Event "RN-2012-0-00479"]
[Site "LSS email"]
[Date "2012.05.08"]
[Round "?"]
[White "Sebok, Janos"]
[Black "Ramazzotti, Carlo"]
[Result "1-0"]
[WhiteElo "598"]
[BlackElo "642"]
[PlyCount "51"]
[EventDate "2012.04.26"]
[EventType "tourn (corr)"]
[EventRounds "6"]
[EventCountry "GER"]
[SourceTitle "Telechess CBM 155"]
[Source "ChessBase"]
[SourceDate "2013.07.16"]
[SourceVersion "1"]
[SourceVersionDate "2013.07.16"]
[SourceQuality "1"]

1. e4 e5 2. Nf3 Nc6 3. Bc4 Nh6 4. d4 exd4 5. Nxd4 d6 6. Bxh6 gxh6 7. Nxc6 bxc6 8. 0-0 Rb8 9. Qd4 f6 10. b3 Bg7 11. Nd2 Qd7 12. Qxa7 Rb6 13. Nf3 f5 14. Rae1 Be5 15. Rd1 Bf6 16. Rfe1 Bc3 17. Re3 Bb4 18. exf5+ Kf8 19. Re6 Ra6 20. Bxa6 Kf7 21. Ne5+ dxe5 22. Rxd7+ Bxd7 23. Qxc7 Re8 24. Qxd7+ Be7 25. Bc4 c5 26. Rxe7+ 1-0

[Event "RN-2012-0-00479"]
[Site "LSS email"]
[Date "2012.05.08"]
[Round "?"]
[White "Secondi, Alberto"]
[Black "Sebok, Janos"]
[Result "0-1"]
[WhiteElo "666"]
[BlackElo "598"]
[PlyCount "48"]
[EventDate "2012.04.26"]
[EventType "tourn (corr)"]
[EventRounds "6"]
[EventCountry "GER"]
[SourceTitle "Telechess CBM 155"]
[Source "ChessBase"]
[SourceDate "2013.07.16"]
[SourceVersion "1"]
[SourceVersionDate "2013.07.16"]
[SourceQuality "1"]

1. Nf3 Nc6 2. e4 d6 3. Bb5 e5 4. 0-0 Bd7 5. Nc3 Nf6 6. d3 Be7 7. Bg5 h6 8. Bh4 Bg4 9. h3 Bh5 10. Bxc6+ bxc6 11. Na4 0-0 12. c4 c5 13. a3 Nh7 14. Bxe7 Qxe7 15. b4 cxb4 16. axb4 f5 17. Qe2 Ng5 18. Kh2 fxe4 19. dxe4 Rf4 20. g4 Nxf3+ 21. Kg2 Qg5 22. c5 Raf8 23. Nb2 Bxg4 24. hxg4 Rxg4+ 0-1

[Event "SN-2011-0-00409"]
[Site "LSS email"]
[Date "2011.12.30"]
[Round "?"]
[White "Sebok, Janos"]
[Black "Lombardi, Donato"]
[Result "0-1"]
[WhiteElo "608"]
[BlackElo "832"]
[PlyCount "32"]
[EventDate "2011.12.11"]
[EventType "tourn (corr)"]
[EventRounds "6"]
[EventCountry "GER"]
[SourceTitle "Corr 2015"]
[Source "ChessBase"]
[SourceDate "2015.07.17"]
[SourceVersion "1"]
[SourceVersionDate "2015.07.17"]
[SourceQuality "1"]

1. d4 d5 2. Nf3 Nf6 3. Nc3 e6 4. a3 Bd6 5. Bg5 0-0 6. e3 c5 7. dxc5 Bxc5 8. Be2 Nbd7 9. 0-0 Qc7 10. h3 Bd6 11. Bb5 a6 12. Bxd7 Nxd7 13. Nd4 h6 14. Bh4 Ne5 15. f3 Nc4 16. Rb1 Nxe3 0-1

[Event "SN-2011-0-00407"]
[Site "LSS email"]
[Date "2011.12.23"]
[Round "?"]
[White "Bester, Kazimierz"]
[Black "Sebok, Janos"]
[Result "1-0"]
[WhiteElo "790"]
[BlackElo "623"]
[PlyCount "53"]
[EventDate "2011.11.27"]
[EventType "tourn (corr)"]
[EventRounds "6"]
[EventCountry "GER"]
[SourceTitle "Telechess CBM 153"]
[Source "ChessBase"]
[SourceDate "2013.03.14"]
[SourceVersion "1"]
[SourceVersionDate "2013.03.14"]
[SourceQuality "1"]

1. d4 d5 2. e3 Nf6 3. Nf3 Bg4 4. Be2 Bxf3 5. Bxf3 e6 6. 0-0 Nc6 7. c3 Bd6 8. Be2 0-0 9. f4 Ne4 10. Nd2 f5 11. Nf3 Ne7 12. Ne5 Rf6 13. Bd3 Rh6 14. Bxe4 dxe4 15. Bd2 Bxe5 16. dxe5 c6 17. Qe1 Nd5 18. Rd1 Qb6 19. b4 Qa6 20. Ra1 Qb5 21. a4 Qa6 22. Qb1 Qb6 23. Re1 Qd8 24. c4 Nc7 25. Bc3 Qe7 26. b5 cxb5 27. axb5 1-0

[Event "SN-2011-0-00407"]
[Site "LSS email"]
[Date "2011.12.23"]
[Round "?"]
[White "Secondi, Alberto"]
[Black "Sebok, Janos"]
[Result "1-0"]
[WhiteElo "611"]
[BlackElo "623"]
[PlyCount "37"]
[EventDate "2011.11.27"]
[EventType "tourn (corr)"]
[EventRounds "6"]
[EventCountry "GER"]
[SourceTitle "Telechess CBM 153"]
[Source "ChessBase"]
[SourceDate "2013.03.14"]
[SourceVersion "1"]
[SourceVersionDate "2013.03.14"]
[SourceQuality "1"]

1. d4 c5 2. d5 c4 3. e4 Nf6 4. e5 Ne4 5. Bxc4 Qa5+ 6. c3 Qc7 7. Qd4 Nc5 8. Nf3 d6 9. e6 fxe6 10. 0-0 e5 11. Qe3 a6 12. b4 Ncd7 13. Na3 b5 14. Bd3 Qxc3 15. Bg6+ hxg6 16. Qxc3 Bb7 17. Rd1 Nb6 18. Qc7 Bxd5 19. Qxb6 1-0

[Event "CP-2011-P-00053"]
[Site "LSS email"]
[Date "2011.09.30"]
[Round "?"]
[White "Sebok, Janos"]
[Black "Grkinic, Goran"]
[Result "0-1"]
[WhiteElo "598"]
[BlackElo "1966"]
[PlyCount "27"]
[EventDate "2011.10.01"]
[EventType "tourn (corr)"]
[EventRounds "6"]
[EventCountry "GER"]
[SourceTitle "Corr 2015"]
[Source "ChessBase"]
[SourceDate "2015.07.17"]
[SourceVersion "1"]
[SourceVersionDate "2015.07.17"]
[SourceQuality "1"]

1. d4 Nf6 2. Nc3 d5 3. Nf3 g6 4. g3 Bg7 5. Bg2 0-0 6. 0-0 c6 7. Bf4 Bf5 8. Nd2 Nbd7 9. Nf3 Nb6 10. b3 Ne4 11. Nb1 c5 12. c3 Rc8 13. Nbd2 Nxc3 14. Qc1 0-1

[Event "SN-2011-0-00380"]
[Site "LSS email"]
[Date "2011.09.13"]
[Round "?"]
[White "Sebok, Janos"]
[Black "Razo, Ryan Jose"]
[Result "0-1"]
[WhiteElo "652"]
[BlackElo "1220"]
[PlyCount "54"]
[EventDate "2011.08.25"]
[EventType "tourn (corr)"]
[EventRounds "6"]
[EventCountry "GER"]
[SourceTitle "Corr 2015"]
[Source "ChessBase"]
[SourceDate "2015.07.17"]
[SourceVersion "1"]
[SourceVersionDate "2015.07.17"]
[SourceQuality "1"]

1. e4 e6 2. Nf3 d5 3. exd5 exd5 4. d4 Bd6 5. Nc3 Ne7 6. Bd3 Bg4 7. 0-0 Nbc6 8. Bb5 0-0 9. Qd3 Bxf3 10. Qxf3 Nxd4 11. Qd3 Nef5 12. Be3 Nxb5 13. Nxb5 Nxe3 14. Qxe3 Re8 15. Qd3 Be5 16. c3 c5 17. Rae1 Qd7 18. a4 a6 19. Na3 Rad8 20. Qc2 Qc6 21. h3 Bf6 22. Re2 Rxe2 23. Qxe2 Qxa4 24. Ra1 Qc6 25. Nc2 Re8 26. Qd2 Re5 27. Rd1 Qe6 0-1

[Event "RN-2011-0-00391"]
[Site "LSS email"]
[Date "2011.07.03"]
[Round "?"]
[White "Brough, Carl"]
[Black "Sebok, Janos"]
[Result "1-0"]
[WhiteElo "852"]
[BlackElo "816"]
[PlyCount "85"]
[EventDate "2011.06.17"]
[EventType "tourn (corr)"]
[EventRounds "6"]
[EventCountry "GER"]
[SourceTitle "Telechess CBM 149"]
[Source "ChessBase"]
[SourceDate "2012.07.17"]
[SourceVersion "1"]
[SourceVersionDate "2012.07.17"]
[SourceQuality "1"]

1. d4 d5 2. c4 Nf6 3. Nc3 e6 4. Bg5 Be7 5. h3 Ne4 6. Nxe4 dxe4 7. Bxe7 Qxe7 8. c5 Nc6 9. e3 0-0 10. g3 e5 11. Bg2 exd4 12. exd4 f5 13. Ne2 b6 14. Nf4 Bb7 15. 0-0 Rad8 16. Qb3+ Kh8 17. Nd5 Qd7 18. Nf4 Nxd4 19. Qc3 g5 20. Ne2 Kg8 21. Qc4+ Ne6 22. Rfd1 Qe7 23. c6 Ba8 24. Nd4 Rd6 25. Nxe6 Rxe6 26. Rd7 Qe8 27. Rad1 Bxc6 28. Rxc7 Rf7 29. Rxf7 Kxf7 30. Rd6 Bd7 31. Rd5 Kg6 32. g4 Rf6 33. h4 gxh4 34. Qe2 Be6 35. Re5 Qb8 36. gxf5+ Bxf5 37. Re7 Kh6 38. Qe3+ Kg6 39. Bxe4 h6 40. Bxf5+ Rxf5 41. Qe6+ Kg5 42. Rg7+ Kf4 43. Qe3# 1-0

[Event "RN-2011-0-00391"]
[Site "LSS email"]
[Date "2011.07.03"]
[Round "?"]
[White "Sebok, Janos"]
[Black "Dixon, Grant"]
[Result "1-0"]
[WhiteElo "816"]
[BlackElo "423"]
[PlyCount "67"]
[EventDate "2011.06.17"]
[EventType "tourn (corr)"]
[EventRounds "6"]
[EventCountry "GER"]
[SourceTitle "Telechess CBM 149"]
[Source "ChessBase"]
[SourceDate "2012.07.17"]
[SourceVersion "1"]
[SourceVersionDate "2012.07.17"]
[SourceQuality "1"]

1. e4 d5 2. exd5 Qxd5 3. Nc3 Qe6+ 4. Be2 Nc6 5. Nf3 Qg6 6. Nh4 Qe6 7. 0-0 Ne5 8. d4 Ng4 9. Bf4 h5 10. Bxc7 Rh6 11. d5 Qd7 12. Bb5 Qxb5 13. Nxb5 Bd7 14. c4 Rc8 15. Qe2 Bxb5 16. d6 Bd7 17. Qf3 Rf6 18. Qe4 g6 19. Rae1 Re6 20. Qd4 exd6 21. Rxe6+ Bxe6 22. Bxd6 Rxc4 23. Qd2 Rc6 24. Bxf8 Kxf8 25. Qb4+ Ne7 26. Qd4 Rc8 27. h3 Rc4 28. Qd8+ Kg7 29. Qxe7 g5 30. Qxg5+ Kf8 31. hxg4 hxg4 32. Qf6 Rc6 33. Ng6+ Ke8 34. Qe7# 1-0

[Event "RN-2011-0-00391"]
[Site "LSS email"]
[Date "2011.07.03"]
[Round "?"]
[White "Sebok, Janos"]
[Black "Trebichalsky, Rastislav"]
[Result "1-0"]
[WhiteElo "816"]
[BlackElo "597"]
[PlyCount "43"]
[EventDate "2011.06.17"]
[EventType "tourn (corr)"]
[EventRounds "6"]
[EventCountry "GER"]
[SourceTitle "Telechess CBM 149"]
[Source "ChessBase"]
[SourceDate "2012.07.17"]
[SourceVersion "1"]
[SourceVersionDate "2012.07.17"]
[SourceQuality "1"]

1. e4 e5 2. Nf3 Nc6 3. Bb5 a6 4. Bxc6 dxc6 5. Nxe5 Qe7 6. d4 Be6 7. 0-0 0-0-0 8. Nc3 f6 9. Nf3 Qf7 10. Be3 Bb4 11. Ne2 Bxa2 12. b3 Bxb3 13. cxb3 c5 14. Qc2 h5 15. dxc5 Ne7 16. Ra4 Nc6 17. Ned4 Nxd4 18. Bxd4 Bxc5 19. Qxc5 Qxb3 20. Rc4 c6 21. e5 Rhe8 22. Rc3 1-0

[Event "SN-2011-0-00357"]
[Site "LSS email"]
[Date "2011.07.02"]
[Round "?"]
[White "Billion, Paul"]
[Black "Sebok, Janos"]
[Result "0-1"]
[WhiteElo "826"]
[BlackElo "802"]
[PlyCount "70"]
[EventDate "2011.06.21"]
[EventType "tourn (corr)"]
[EventRounds "6"]
[EventCountry "GER"]
[SourceTitle "Telechess CBM 149"]
[Source "ChessBase"]
[SourceDate "2012.07.17"]
[SourceVersion "1"]
[SourceVersionDate "2012.07.17"]
[SourceQuality "1"]

1. d4 d5 2. Nf3 Nc6 3. Bf4 e6 4. a3 Be7 5. Nc3 a6 6. e3 Nf6 7. Bd3 0-0 8. 0-0 Nd7 9. Ne2 Bf6 10. c3 Na5 11. Ng3 c5 12. Bb1 c4 13. Qc2 g6 14. Nh5 Bh8 15. Bh6 Re8 16. Ng3 Nb3 17. Nh5 Nxa1 18. Qe2 Nb3 19. Nd2 Nxd2 20. Qxd2 Qh4 21. Ng3 Qxh6 22. f4 f5 23. Rf3 Nf6 24. Nf1 b5 25. Rh3 Qg7 26. Bc2 Bb7 27. b3 cxb3 28. Bxb3 Ne4 29. Qe1 Rec8 30. Ng3 Nxc3 31. Nh5 Qe7 32. Ng3 Qxa3 33. Bc2 b4 34. Bxf5 exf5 35. Nf1 a5 0-1

[Event "SN-2011-0-00357"]
[Site "LSS email"]
[Date "2011.07.02"]
[Round "?"]
[White "Rice, Duncan"]
[Black "Sebok, Janos"]
[Result "0-1"]
[WhiteElo "670"]
[BlackElo "802"]
[PlyCount "58"]
[EventDate "2011.06.21"]
[EventType "tourn (corr)"]
[EventRounds "6"]
[EventCountry "GER"]
[SourceTitle "Telechess CBM 149"]
[Source "ChessBase"]
[SourceDate "2012.07.17"]
[SourceVersion "1"]
[SourceVersionDate "2012.07.17"]
[SourceQuality "1"]

1. e4 c5 2. Nf3 Nc6 3. d4 d6 4. dxc5 Qa5+ 5. Nc3 Bg4 6. Bd2 Qxc5 7. Bd3 Nd4 8. Be3 e5 9. 0-0 a6 10. Ne2 Qb4 11. Nexd4 exd4 12. Bxd4 Bxf3 13. Qxf3 Qxd4 14. e5 Rb8 15. exd6 Bxd6 16. Rfe1+ Ne7 17. c3 Qb6 18. b3 Qc7 19. Bc4 Bxh2+ 20. Kf1 0-0 21. Bd3 Be5 22. Qh3 f5 23. Rac1 Rbd8 24. c4 Qa5 25. g4 Bf4 26. Rcd1 Bg5 27. gxf5 Nxf5 28. Rd2 Bxd2 29. Re2 Bh6 0-1

[Event "LSS No Engine Cup 29 Preliminary 1"]
[Site "LSS email"]
[Date "2010.10.13"]
[Round "?"]
[White "Sebok, Janos"]
[Black "Neumann, Ulrich"]
[Result "0-1"]
[WhiteElo "747"]
[BlackElo "1567"]
[PlyCount "26"]
[EventDate "2010.10.14"]
[EventType "tourn (corr)"]
[EventRounds "6"]
[EventCountry "GER"]
[SourceTitle "Corr 2015"]
[Source "ChessBase"]
[SourceDate "2015.07.17"]
[SourceVersion "1"]
[SourceVersionDate "2015.07.17"]
[SourceQuality "1"]

1. e4 Nc6 2. Nf3 d5 3. d3 dxe4 4. dxe4 Qxd1+ 5. Kxd1 Bg4 6. Be2 Nf6 7. Bd2 Nxe4 8. Rf1 0-0-0 9. h3 Bh5 10. g4 Bg6 11. Bd3 Nxd2 12. Nfxd2 Bxd3 13. cxd3 Rxd3 0-1

[Event "SN-2010-0-00277"]
[Site "LSS email"]
[Date "2010.10.03"]
[Round "?"]
[White "Mori, Roberto"]
[Black "Sebok, Janos"]
[Result "1-0"]
[WhiteElo "601"]
[BlackElo "2186"]
[PlyCount "77"]
[EventDate "2010.09.07"]
[EventType "tourn (corr)"]
[EventRounds "6"]
[EventCountry "GER"]
[SourceTitle "Telechess CBM 145"]
[Source "Chessbase"]
[SourceDate "2011.11.11"]
[SourceVersion "1"]
[SourceVersionDate "2011.11.11"]
[SourceQuality "1"]

1. e4 e5 2. Nf3 Nc6 3. d4 exd4 4. Nxd4 Bb4+ 5. c3 Nxd4 6. cxb4 Nc6 7. b5 Nb8 8. Bd3 Ne7 9. Nc3 0-0 10. 0-0 c6 11. Bg5 f6 12. Bf4 d6 13. h3 Ng6 14. Bg3 Bd7 15. Bxd6 Re8 16. Re1 Ne5 17. a4 Nf7 18. Bc4 Be6 19. Bf4 Bxc4 20. Qg4 Be6 21. Qg3 Nd7 22. Red1 Bb3 23. Re1 Nc5 24. bxc6 bxc6 25. Be3 Nxe4 26. Nxe4 Rxe4 27. Kh2 Ne5 28. Bh6 Rg4 29. Qxb3+ Rc4 30. Bf4 Rb8 31. Qa2 Qd4 32. Be3 Qd7 33. f4 Rxb2 34. Qxb2 Nd3 35. Qb8+ Kf7 36. Qb3 Qd5 37. Rad1 Qe4 38. Rxd3 Kg6 39. Bd2 1-0

[Event "SN-2010-0-00277"]
[Site "LSS email"]
[Date "2010.10.01"]
[Round "?"]
[White "Lauer, Fredric"]
[Black "Sebok, Janos"]
[Result "1-0"]
[WhiteElo "918"]
[BlackElo "2186"]
[PlyCount "49"]
[EventDate "2010.09.07"]
[EventType "tourn (corr)"]
[EventRounds "6"]
[EventCountry "GER"]
[SourceTitle "Telechess CBM 145"]
[Source "Chessbase"]
[SourceDate "2011.11.11"]
[SourceVersion "1"]
[SourceVersionDate "2011.11.11"]
[SourceQuality "1"]

1. e4 c5 2. c3 Nc6 3. d4 cxd4 4. cxd4 e6 5. d5 exd5 6. exd5 Nb8 7. d6 Qb6 8. Qe2+ Kd8 9. Be3 Qxd6 10. Nc3 a6 11. Rd1 Qc6 12. Nf3 f6 13. Nd5 Bd6 14. Bb6+ Bc7 15. Bxc7+ Qxc7 16. Nxc7 Kxc7 17. Qc2+ Nc6 18. Bd3 h6 19. Nh4 Nge7 20. 0-0 d6 21. Rfe1 Bg4 22. f3 Bh5 23. Rxe7+ Kb6 24. Qb3+ Ka7 25. Qxb7# 1-0

[Event "CP-2010-P-00034"]
[Site "LSS email"]
[Date "2010.09.28"]
[Round "?"]
[White "Dolgov, Igor Mikhailovich"]
[Black "Sebok, Janos"]
[Result "1-0"]
[WhiteElo "2345"]
[BlackElo "816"]
[PlyCount "31"]
[EventDate "2010.10.01"]
[EventType "tourn (corr)"]
[EventRounds "6"]
[EventCountry "GER"]
[SourceTitle "Corr 2015"]
[Source "ChessBase"]
[SourceDate "2015.07.17"]
[SourceVersion "1"]
[SourceVersionDate "2015.07.17"]
[SourceQuality "1"]

1. e4 e5 2. Nf3 Nc6 3. Bb5 Bd6 4. 0-0 Nf6 5. d4 Nxe4 6. Re1 f5 7. Nbd2 Nxd2 8. Nxe5 Nxe5 9. dxe5 Be7 10. Bxd2 c6 11. Bc4 b5 12. Bb3 Qb6 13. Bg5 Bxg5 14. Qh5+ g6 15. Qxg5 Bb7 16. e6 1-0